Upward only rent reviews (Record no. 74879)
[ view plain ]
| 000 -LEADER | |
|---|---|
| fixed length control field | 01190cam a2200217 4500 |
| 001 - CONTROL NUMBER | |
| control field | X128944 |
| 008 - FIXED-LENGTH DATA ELEMENTS--GENERAL INFORMATION | |
| fixed length control field | 050304n2004 000 0 eng u |
| 035 ## - SYSTEM CONTROL NUMBER | |
| System control number | (Sirsi) u128944 |
| 100 ## - MAIN ENTRY--PERSONAL NAME | |
| Personal name | Melhuish, David |
| 245 ## - TITLE STATEMENT | |
| Title | Upward only rent reviews |
| Remainder of title | the way forward |
| 260 ## - PUBLICATION, DISTRIBUTION, ETC. | |
| Date of publication, distribution, etc. | 2004 |
| 490 ## - SERIES STATEMENT | |
| Series statement | RICS Public Affairs Policy Submission |
| 520 ## - SUMMARY, ETC. | |
| Summary, etc. | RICS response to the government consultation on commercial property leases. Suggests there is evidence of recent market reform in recent years and that the government proposals may not achieve the desired outcome of greater flexibility and choice. Argues that legislation on upward only rent reviews would only offer a partial solution to concerns over flexibility by tenants and calls for a more holistic approach. View at www.rics.org |
| 590 ## - LOCAL NOTE (RLIN) | |
| Local note | KA |
| 650 ## - SUBJECT ADDED ENTRY--TOPICAL TERM | |
| Topical term or geographic name entry element | UPWARD ONLY RENT REVIEWS |
| 690 ## - LOCAL SUBJECT ADDED ENTRY--TOPICAL TERM (OCLC, RLIN) | |
| Topical term or geographic name as entry element | LANDLORD AND TENANT-BUSINESS TENANCIES |
| 690 ## - LOCAL SUBJECT ADDED ENTRY--TOPICAL TERM (OCLC, RLIN) | |
| Topical term or geographic name as entry element | CODE FOR LEASING BUSINESS PREMISES IN ENGLAND AND WALES |
| 710 ## - ADDED ENTRY--CORPORATE NAME | |
| Corporate name or jurisdiction name as entry element | Royal Institution of Chartered Surveyors |
| Subordinate unit | Public Affairs |
| 9 (RLIN) | 4679 |
| 856 ## - ELECTRONIC LOCATION AND ACCESS | |
| Uniform Resource Identifier | <a href="https://www.rics.org/RICSWEB/getpage.aspx?p=KwIs5xQwWk25mpSadwa7mA">https://www.rics.org/RICSWEB/getpage.aspx?p=KwIs5xQwWk25mpSadwa7mA</a> |
| Public note | View the submission on the RICS website... |
| 942 ## - ADDED ENTRY ELEMENTS (KOHA) | |
| Suppress in OPAC | 0 |
| Withdrawn status | Lost status | Source of classification or shelving scheme | Damaged status | Not for loan | Home library | Current library | Shelving location | Date acquired | Total Checkouts | Full call number | Barcode | Date last seen | Copy number | Price effective from | Koha item type |
|---|---|---|---|---|---|---|---|---|---|---|---|---|---|---|---|
| Dewey Decimal Classification | Virtual | Virtual | Online | 04/03/2005 | ONLINE PUBLICATION | 128944-2001 | 06/08/2019 | 1 | 06/08/2019 | Journal article |